000 00564nam a22002052 4500
001 0000003816
005 20151217151935.0
008 070515s xx 000 0 eng d
020 _a0070495181 :
040 _aKABU
_cKABU
050 0 _aQ181
_b.P47
100 1 _aPerry, Phyllis J.
_@0000153999
245 1 2 _aA Teacher's science companion.
260 _aNew York :
_bTAB Books,
_c1994.
300 _axvi, 208 p.
650 0 _aScience
_xStudy and teaching.
_@0000153949
908 _a070515
950 _@1
999 _c6542
_d6542